| 000 | 00798nas a2200265 4500 | ||
|---|---|---|---|
| 001 | BR8602118 | ||
| 003 | BR-BrBNA | ||
| 005 | 20231205090439.0 | ||
| 007 | ta | ||
| 008 | 230509b bl.|||p| |||| 00| 00por d | ||
| 040 |
_aBR-BrBNA _bpor _cBiblioteca Nacional de Agricultura |
||
| 041 | _a(Pt) | ||
| 072 | _aH20 | ||
| 100 | 1 | _aToledo, A.C. de | |
| 100 | 1 | _aCardoso, C.O.N. | |
| 100 | 1 | _aSanguino, A. | |
| 245 | 1 | _aControle biologico de Sclerotium rolfsii [Saccharum spp] | |
| 246 | 1 | _aBiological control of Sclerotium rolfsii | |
| 650 | _aCANA DE ACUCAR | ||
| 650 | _aFUNGO | ||
| 650 | _aCONTROLE BIOLOGICO | ||
| 773 | 0 |
_tBoletim Tecnico COPERSUCAR (Brazil) _xISSN 0100-2996 _g(Apr 1985), (no. 30) p. 40-43 _wBR8602118 |
|
| 909 |
_a202311 _bLúcia _c55 _dLúcia Elande |
||
| 942 |
_2AGRIS _n0 _cANA |
||
| 999 |
_c118474 _d118474 |
||